=LDR 00000nam 2200000 4500 =001 INLIS000000000024725 =005 20130612123307 =008 ***********************************ind** =035 ##$$0010-061300000024725 =041 ##$$a ind =082 ##$$a 342.007 =090 ##$$a 342.007, RAH p =100 ##$$a Rahmat A =245 ##$$a Penuntun Belajar Tata Negara berdasarkan kurikulum SMU 1994, Rahmat A., M.Halimi =260 ##$$a 1996 $b Bandung =300 ##$$a vii, 300 hlm., 21 cm =650 ##$$a Tata Negara =700 ##$$a Halimi, M =850 ##$$a NBPNMAT